Statistics for Formula One Constructor Championships 1950-2019

Click here to take the quiz!

General Stats

  • This quiz has been taken 71 times
  • The average score is 12 of 15

Answer Stats

No.Constructor% Correct
16Ferrari
100%
8McLaren
99%
6Mercedes
99%
4Red Bull
97%
9Williams
97%
7Lotus
94%
2Renault
85%
2Brabham
81%
1Brawn
78%
1Benetton
73%
1Tyrrell
73%
2Cooper
70%
1BRM
63%
1Vanwall
63%
1Matra
61%

Score Distribution

Percentile by Number Answered

Percent of People with Each Score

Your Score History

You have not taken this quiz